[Event "Druzynowe Mistrzostwa Polski Juniorow - I Liga 2018"]
[Site "Kudowa-Zdroj"]
[Date "1899-12-30"]
[Round "9.20"]
[White "Dixa, Oskar"]
[Black "Jarzebowski, Kacper"]
[Result "1/2-1/2"]
[WhiteTitle "I++"]
[BlackTitle "I++"]
[WhiteElo "1929"]
[BlackElo "1969"]

1. e4 c5 2. Nf3 a6 3. c4 d6 4. d4 Nf6 5. Nc3 cxd4 6. Nxd4 e6 7. Be3 Be7 8. Be2
Nbd7 9. O-O Qc7 10. Rc1 b6 11. f3 O-O 12. Qd2 Bb7 13. Rfd1 Rac8 14. Bf1 Qb8 15.
Qf2 Bd8 16. Nc2 Bc7 17. g3 Qa8 18. Be2 Rfd8 19. Rd2 d5 20. cxd5 exd5 21. exd5
Nxd5 22. Nxd5 Bxd5 23. Rcd1 Ne5 24. Bxb6 Bxa2 25. Rxd8+ Bxd8 26. Rxd8+ Rxd8 27.
Bxd8 Qxd8 28. Nb4 Bc4 29. Nc6 Qd2 30. Bxc4 Qxf2+ 31. Kxf2 Nxc4 32. b4 Kf8 33.
Ke2 Ke8 34. Kd3 Nd6 35. Nb8 Kd8 36. Nxa6 Kd7 37. Kd4 Kc6 38. Nc5 Kb5 39. Ne4 Nf5+
40. Ke5 Ne3 41. Kf4 Nf1 42. h4 Kxb4 43. Ng5 Kc5 44. Nxf7 Kd5 45. g4 h6 46. Kf5
Nh2 47. Ne5 Kd6 48. f4 Ke7 49. Kg6 Kf8 50. Kh7 Nf1 51. Nd7+ Kf7 52. g5 hxg5 53.
hxg5 Ng3 54. g6+ Ke7 55. Kxg7 Kxd7 56. Kh8 Nh5 57. Kh7 Ke6 58. Kh6 Nf6 59. Kg5
Ng8 60. f5+ Ke7 61. g7 Kf7 1/2-1/2

[Event "Druzynowe Mistrzostwa Polski Juniorow - I Liga 2018"]
[Site "Kudowa-Zdroj"]
[Date "1899-12-30"]
[Round "9.21"]
[White "Jedrusik, Adam"]
[Black "Ochedzan, Tymon"]
[Result "1/2-1/2"]
[WhiteTitle "I"]
[BlackTitle "CM"]
[WhiteElo "1518"]
[BlackElo "1874"]

1. d4 Nf6 2. Bg5 g6 3. Bxf6 exf6 4. c4 Bg7 5. Nc3 f5 6. e3 d6 7. Nf3 O-O 8. Be2
c5 9. dxc5 dxc5 10. Qxd8 Rxd8 11. Nd5 Nc6 12. O-O-O Be6 13. Rd2 Nb4 14. Rhd1 Bxd5
15. a3 Na2+ 16. Kb1 Nc3+ 17. bxc3 Be4+ 18. Kb2 Rxd2+ 19. Rxd2 Bc6 20. Ne1 Kf8
21. Bf3 Bxf3 22. Nxf3 Ke7 23. Rd5 Rc8 24. Ne5 Rc7 25. f4 b6 26. Kb3 f6 27. Nf3
Rc6 28. Kc2 Re6 29. Kd3 Rc6 30. a4 Rc8 31. Kc2 Ke6 32. g3 Bf8 33. Kb3 Be7 34.
Kb2 Rb8 35. Kb3 a6 36. Ne1 g5 37. Nd3 h6 38. Kc2 Rc8 39. Kb3 Bd6 40. Ne1 Rb8 41.
Nd3 h5 42. Ne1 Rg8 43. Nf3 h4 44. Kc2 b5 45. axb5 axb5 46. Kd3 hxg3 47. hxg3 gxf4
48. gxf4 bxc4+ 49. Kxc4 Rg3 50. Nh4 Bxf4 51. Nxf5 Rg4 52. exf4 Rxf4+ 53. Kxc5
Rxf5 54. Rxf5 Kxf5 55. Kd6 Ke4 56. c4 f5 57. c5 f4 1/2-1/2

[Event "Druzynowe Mistrzostwa Polski Juniorow - I Liga 2018"]
[Site "Kudowa-Zdroj"]
[Date "1899-12-30"]
[Round "9.22"]
[White "Skurniak, Szymon"]
[Black "Janeczko, Jakub"]
[Result "1/2-1/2"]
[WhiteTitle "I"]
[BlackTitle "II+"]
[WhiteElo "1729"]
[BlackElo "1351"]

1. e4 c5 2. Be2 Nc6 3. f4 e6 4. Nf3 Nge7 5. O-O d5 6. d3 g6 7. c3 Bg7 8. Na3 O-O
9. Qe1 a6 10. Nc2 b6 11. Qh4 Bd7 12. Bd2 Nc8 13. Qg3 Qc7 14. Ne3 dxe4 15. dxe4
Nd6 16. Bd3 Nb7 17. Qg5 h6 18. Qg4 b5 19. f5 exf5 20. exf5 Ne5 21. Nxe5 Bxe5 22.
Be4 Rae8 23. Qh4 Bxh2+ 24. Kh1 Bg3 25. Qf6 Rxe4 26. fxg6 Rh4+ 27. Kg1 Bh2+ 28.
Kh1 Bg3+ 29. Kg1 Bh2+ 30. Kh1 Bg3+ 1/2-1/2

[Event "Druzynowe Mistrzostwa Polski Juniorow - I Liga 2018"]
[Site "Kudowa-Zdroj"]
[Date "1899-12-30"]
[Round "9.23"]
[White "Tarka, Aleksandra"]
[Black "Wawrzyniak, Weronika"]
[Result "1/2-1/2"]
[WhiteTitle "I++"]
[BlackTitle "I"]
[WhiteElo "1679"]
[BlackElo "1455"]

1. e4 c5 2. Ne2 d6 3. g3 Nc6 4. Bg2 g6 5. c3 Bg7 6. d4 cxd4 7. cxd4 e6 8. Nbc3
Nge7 9. O-O O-O 10. Be3 a6 11. f4 f5 12. d5 exd5 13. Nxd5 Be6 14. Bb6 Qd7 15.
Nc7 Rac8 16. Nxe6 Qxe6 17. exf5 Qxf5 18. Qxd6 Bxb2 19. Rab1 Qf6 20. Qd2 Ba3 21.
Rfd1 Nf5 22. Rb3 Be7 23. Bd5+ Kh8 24. g4 Ng7 25. g5 Qf5 26. Qe3 Bd6 27. Be4 Qg4+
28. Kh1 Bxf4 29. Bf3 Qxg5 30. Nxf4 Qxf4 31. Qxf4 Rxf4 32. Bg2 Rf7 33. Rc1 Nf5
34. Rbc3 Rf6 35. Bd5 Rd6 36. Bb3 Kg7 37. a4 Nfd4 38. Rd1 Nf5 39. Rxd6 Nxd6 40.
Rd3 Nf5 41. Rd7+ Nfe7 42. Rxb7 Rb8 43. Rxb8 Nxb8 44. Bd4+ Kf8 45. Bc4 Nbc6 46.
Bc5 a5 47. Kg2 Kg7 48. Kg3 Kf6 49. Kf4 h5 50. h4 Nf5 51. Bf2 Nd6 52. Bb5 Ne7 53.
Bc5 Ndf5 54. Bf2 Nd6 55. Bc5 Ndf5 56. Bf2 Nd6 57. Bc5 1/2-1/2

[Event "Druzynowe Mistrzostwa Polski Juniorow - I Liga 2018"]
[Site "Kudowa-Zdroj"]
[Date "1899-12-30"]
[Round "9.24"]
[White "Barwinska, Ewa"]
[Black "Rejniak, Zuzanna"]
[Result "0-1"]
[WhiteTitle "I"]
[BlackTitle "I++"]
[WhiteElo "1457"]
[BlackElo "1559"]

1. e4 c5 2. Nf3 e6 3. d4 cxd4 4. Nxd4 Nf6 5. Nc3 Nc6 6. Ndb5 d6 7. Bf4 e5 8. Bg5
a6 9. Na3 Be6 10. Nc4 Rc8 11. Ne3 Qb6 12. Bxf6 Qxb2 13. Na4 Qa3 14. Bxg7 Bxg7
15. Bc4 Bxc4 16. Nxc4 Qb4+ 17. Nd2 Qxa4 18. Qg4 O-O 19. O-O Qxc2 20. Nf3 Nd4 21.
Nh4 Qe2 22. f3 Qe3+ 23. Kh1 Qf4 24. Rab1 b5 25. Rfd1 Qxg4 26. fxg4 Rc2 27. Nf5
Nxf5 28. gxf5 Rd8 29. a4 Rc5 30. axb5 axb5 31. h3 d5 32. exd5 Rcxd5 33. Rxd5 Rxd5
34. Kg1 e4 35. g4 e3 36. Kf1 Rd2 37. Rxb5 Rf2+ 38. Kg1 Bd4 39. f6 Rxf6 40. Rb1
e2+ 41. Kg2 Rf2+ 42. Kg3 Rf1 0-1

[Event "Druzynowe Mistrzostwa Polski Juniorow - I Liga 2018"]
[Site "Kudowa-Zdroj"]
[Date "1899-12-30"]
[Round "9.25"]
[White "Raczynski, Krzysztof"]
[Black "Janik, Igor"]
[Result "0-1"]
[WhiteTitle "k+"]
[BlackTitle "IM"]
[WhiteElo "2096"]
[BlackElo "2420"]

1. e4 c5 2. Nf3 Nc6 3. d4 cxd4 4. Nxd4 g6 5. c4 Nf6 6. Nc3 d6 7. Be2 Bg7 8. Be3
O-O 9. O-O Nxd4 10. Bxd4 Be6 11. b3 Nd7 12. f4 Bxd4+ 13. Qxd4 Qb6 14. Qxb6 Nxb6
15. Bf3 Rab8 16. Kf2 Rfc8 17. Ke3 Rc5 18. g4 f6 19. h4 h6 20. g5 hxg5 21. fxg5
fxg5 22. Rg1 gxh4 23. Rxg6+ Kf7 24. Rh6 Rg8 25. Bh5+ Kg7 26. Rxe6 Rxh5 27. Rxe7+
Kh6 28. Re6+ Rg6 29. Rxg6+ Kxg6 30. Ne2 Kf6 31. Rh1 Rh7 32. Nd4 h3 33. Nf3 Nd7
34. Kf4 Ne5 35. Nd4 Rh4+ 36. Ke3 h2 37. Nf5 Rh3+ 38. Ke2 Ng4 39. Nxd6 Ke5 40.
c5 Re3+ 41. Kf1 Kf4 42. Nc4 Rxe4 43. a4 Kg3 44. a5 Ne3+ 0-1

[Event "Druzynowe Mistrzostwa Polski Juniorow - I Liga 2018"]
[Site "Kudowa-Zdroj"]
[Date "1899-12-30"]
[Round "9.26"]
[White "Czechowski, Jakub"]
[Black "Butyrowski, Marcel"]
[Result "1-0"]
[WhiteTitle "I"]
[BlackTitle "I+"]
[WhiteElo "1880"]
[BlackElo "1725"]

1. e4 c5 2. Nf3 Nc6 3. d4 cxd4 4. Nxd4 g6 5. Nc3 Bg7 6. Be3 Nf6 7. Bc4 O-O 8. Bb3
a5 9. O-O a4 10. Nxa4 Nxe4 11. Nb5 d5 12. Bb6 Qd7 13. Nc7 Rxa4 14. Bxa4 Bxb2 15.
Qxd5 Bxa1 16. Rxa1 Nc3 17. Qxd7 Bxd7 18. Bb3 Bf5 19. f3 Ne2+ 20. Kf2 Ned4 21.
Rd1 Bxc2 22. Rxd4 Nxd4 23. Bxd4 Bxb3 24. axb3 Rd8 25. Ke3 Rd7 26. Nb5 e5 27. Bc5
Rd1 28. b4 Rb1 29. Kd3 Rb2 30. Nd6 b6 31. Kc3 Rxg2 32. Bxb6 Rxh2 33. Bc5 Rh3 34.
b5 Rxf3+ 35. Kc4 Rf4+ 36. Kd5 Rf1 37. b6 Rb1 38. Kxe5 Kg7 39. b7 h6 40. Ba7 Rxb7
41. Nxb7 h5 42. Nd6 f6+ 43. Ke6 g5 44. Kf5 h4 45. Ne8+ Kh6 46. Bc5 h3 47. Bf8+
Kh5 48. Nxf6+ Kh4 49. Ng4 Kg3 50. Kxg5 Kg2 51. Bd6 Kf3 52. Kh4 Kg2 53. Bb8 Kf3
54. Kxh3 Ke4 55. Kg3 Kf5 56. Kf3 Ke6 57. Ke4 Kd7 58. Kd5 Kc8 59. Bg3 Kb7 60. Kd6
Kb8 61. Ne3 Kb7 62. Nd5 Kb8 63. Kc6+ Ka8 64. Nb6+ Ka7 65. Bf4 Ka6 66. Bb8 Ka5
67. Nd5 Ka6 68. Nb4+ Ka5 69. Kc5 Ka4 70. Kc4 Ka3 71. Be5 Ka4 72. Bc7 Ka3 73. Nd3
Ka4 74. Nc5+ Ka3 75. Kc3 Ka2 76. Bf4 Ka3 77. Bc1+ Ka2 78. Ne4 Ka1 79. Kb3 Kb1
80. Ba3 Ka1 81. Bb2+ Kb1 82. Nc3# 1-0

[Event "Druzynowe Mistrzostwa Polski Juniorow - I Liga 2018"]
[Site "Kudowa-Zdroj"]
[Date "1899-12-30"]
[Round "9.27"]
[White "Wojdak, Jan"]
[Black "Dzida, Kamil"]
[Result "0-1"]
[WhiteTitle "I"]
[BlackTitle "I++"]
[WhiteElo "1754"]
[BlackElo "1854"]

1. e4 c5 2. Nf3 d6 3. d4 cxd4 4. Nxd4 Nf6 5. Nc3 a6 6. Rg1 Nc6 7. Be2 g6 8. g4
Bg7 9. Be3 Qa5 10. Nb3 Qd8 11. f4 b5 12. Bf3 Bb7 13. Qe2 Nd7 14. Rd1 b4 15. Na4
Qc7 16. e5 O-O 17. Qc4 Rac8 18. exd6 exd6 19. Qd3 Nce5 20. fxe5 Nxe5 21. Qxd6
Nxf3+ 22. Kf1 Qc4+ 23. Qd3 Nxh2+ 24. Ke1 Nf3+ 25. Kf1 Nxg1 26. Qxc4 Rxc4 27. Bxg1
Rxc2 28. Bd4 Rd8 29. Nac5 Bf3 30. Kg1 0-1

[Event "Druzynowe Mistrzostwa Polski Juniorow - I Liga 2018"]
[Site "Kudowa-Zdroj"]
[Date "1899-12-30"]
[Round "9.28"]
[White "Koziorowicz, Michal"]
[Black "Lewandowski, Witold"]
[Result "1/2-1/2"]
[WhiteTitle "I"]
[BlackTitle "II+"]
[WhiteElo "1692"]
[BlackElo "1444"]

1. e4 c5 2. Nf3 Nc6 3. d4 cxd4 4. Nxd4 g6 5. Nc3 Bg7 6. Be3 Nf6 7. Bc4 Qa5 8. O-O
O-O 9. Bb3 d6 10. h3 Bd7 11. Re1 Rad8 12. Nd5 e6 13. Nxc6 Bxc6 14. Nxf6+ Bxf6
15. Bd4 Bxd4 16. Qxd4 Qc5 17. Rad1 Qxd4 18. Rxd4 Rd7 19. f4 Rfd8 20. Kf2 d5 21.
e5 Kf8 22. g4 Ke7 23. g5 Rc7 24. Rg1 Bb5 25. Rg4 Bc4 26. c3 Bxb3 27. axb3 Rh8
28. Rh4 Kf8 29. Rg4 h5 30. Rg1 Ke7 31. Ra1 a6 32. Rb4 Rd8 33. Ke3 Kd7 34. Rb6
Kc8 35. Ra4 Rc5 36. Kd4 Rc7 37. Rab4 Rdd7 38. Rd6 Kd8 39. Rbb6 Kc8 40. c4 dxc4
41. bxc4 Kb8 42. c5 Kc8 43. b4 Kd8 44. Kc4 Kc8 45. b5 axb5+ 46. Kxb5 Kd8 47. Rxd7+
Rxd7 48. Rd6 Kc8 49. Kb6 Rc7 1/2-1/2

[Event "Druzynowe Mistrzostwa Polski Juniorow - I Liga 2018"]
[Site "Kudowa-Zdroj"]
[Date "1899-12-30"]
[Round "9.29"]
[White "Szelag, Zuzanna"]
[Black "Raczykowska, Paulina"]
[Result "1/2-1/2"]
[WhiteTitle "I++"]
[BlackTitle "k"]
[WhiteElo "1767"]
[BlackElo "1890"]

1. e4 e5 2. Nf3 Nc6 3. Bb5 a6 4. Ba4 Nf6 5. Qe2 b5 6. Bb3 Bc5 7. O-O O-O 8. Nc3
d6 9. h3 Na5 10. d3 Bb6 11. Be3 c6 12. Rfe1 h6 13. Qd2 Re8 14. Bxb6 Qxb6 15. Ne2
Nxb3 16. axb3 Kh7 17. Ng3 g6 18. Qe3 Qc7 19. d4 Bb7 20. Rad1 Qe7 21. dxe5 dxe5
22. Rd2 Rad8 23. Red1 Rxd2 24. Qxd2 c5 25. Qd3 Rc8 26. c4 Rc7 27. Qe3 Qe6 28.
Qe2 Bc6 29. Rd2 Rb7 30. Qe3 bxc4 31. bxc4 1/2-1/2

[Event "Druzynowe Mistrzostwa Polski Juniorow - I Liga 2018"]
[Site "Kudowa-Zdroj"]
[Date "1899-12-30"]
[Round "9.30"]
[White "Siekanska, Zuzanna"]
[Black "Nowak, Roksana"]
[Result "1/2-1/2"]
[WhiteTitle "I"]
[BlackTitle "I"]
[WhiteElo "1395"]
[BlackElo "1372"]

1. d4 Nf6 2. c4 g6 3. Nc3 Bg7 4. e4 d6 5. Bd3 O-O 6. Nge2 Nc6 7. a3 e5 8. d5 Ne7
9. Ng3 c6 10. O-O cxd5 11. cxd5 Bd7 12. h3 Rc8 13. Be3 b6 14. Qd2 h5 15. Bh6 Nh7
16. Bxg7 Kxg7 17. f4 f6 18. f5 Qe8 19. h4 Rg8 20. Be2 Kh8 21. Qh6 Qf8 22. Qd2
Qg7 23. Bd1 Be8 24. fxg6 Bxg6 25. Nxh5 Bxh5 26. Bxh5 a6 27. Rf3 Nf8 28. Raf1 Qh7
29. Rxf6 Neg6 30. Bxg6 Nxg6 31. R1f2 Nf4 32. R2xf4 exf4 33. Qxf4 Rg6 34. Qxd6
Qxh4 35. Rxg6 Qe1+ 36. Kh2 Qh4+ 37. Kg1 Qe1+ 38. Kh2 Qh4+ 39. Kg1 Qe1+ 1/2-1/2